MDQL
is popping MORE tags! Check the
thread
!
Quizzes
Events
Quiz Creation
Community
Videos
Private Events
Remove Ads
Sign In
Join for FREE
Feedback
Dark Mode
Quiz Categories
Sports
Geography
Music
Movies
Television
Just For Fun
Miscellaneous
History
Literature
Language
Science
Gaming
Entertainment
Religion
Holiday
For Kids
Quiz Lab
Recent
Popular Today
Quiz Kudos Today
Editor Picks
Curator Picks
Quizzes by...
Day
Popularity
Type
Ratings
Length
Year
Community
Subscriptions
Recent Discussions
Orange Saloon
Badges
Playlists
Quests
Create
Leaderboards
Showdown
Live 5
Trivia Bingo
Activity
Puzzle Library
Sporcle Events
Private Events
Virtual Trivia
Globe League
Become a Host
Pub Owners
SporcleCon
Opinionation
Our Games
Videos
Blog
Mobile Apps
Partnerships
Remove Ads and Go Orange
Feedback
Religion
Mythology
Religious Music
World Religions
Bible
Christianity
Catholicism
Judaism
Church
Scripture
Islam
Verse
Religion
Mythology
Religious Music
World Religions
Bible
Christianity
Catholicism
Judaism
Church
Scripture
Islam
Verse
Random Quiz
Search Sporcle
×
Quiz Lab
Quiz Lab
Religion
Jesus
Type in answers that appear in a list
Type in answers that appear in a list
Classic
Best Score? Go Orange.
Genealogy of jesus Stats
Can you name the genealogy of jesus as written in Matthew 1:1-17?
By
senormucholoco
6m
40 Questions
245 Plays
245 Plays
245 Plays
Comments
Comments
Give Quiz Kudos
Give Quiz Kudos
-
- Ratings
hide this ad
Replay
Link that replays current quiz
Next Quiz
Link to next quiz in quiz playlist
You Got
0%
They Got
Avg Score
48%
Avg Friend Score
Upgrade to see
Score Distribution
Jump to the score distribution portion of the page
Score
0/40
Timer
06:00
0
Plays Today
name
% Correct
Joseph
90.6%
Abraham
84.1%
David
83.7%
Jacob
77.6%
Jacob
77.6%
Isaac
75.5%
Solomon
72.2%
Judah
62.4%
Jesse
59.2%
Booz
50.6%
Obed
49.4%
Phares/Zara
47.8%
Roboam
45.3%
Aram
44.1%
Asa
44.1%
Esrom
43.7%
Josais
43.7%
Salmon
43.3%
Ezekias
43.3%
Aminadab
41.6%
name
% Correct
Joram
41.2%
Achaz
41.2%
Josaphat
40.8%
Abia
40%
Manasses
40%
Ozias
39.6%
Naasson
39.2%
Zorobabel
38.8%
Joatham
38.4%
Amon
37.1%
Salathiel
36.7%
Eleazar
36.7%
Abiud
36.3%
Matthan
36.3%
Eliakim
35.9%
Sadoc
35.9%
Eliud
35.9%
Jeconiah
35.5%
Azor
35.5%
Achim
34.7%
Quiz Playlist
Details
Report
Send in Message
Add To Playlist
Classic:
Type in answers that appear in a list
Last Updated: Feb 16, 2017
Quiz Scoreboard
CHALLENGE
Sign Up to Join the Scoreboard
Show All
Scores
Hide
Comments
May contain spoilers
Recently Published
Find the 'City' Movie
by crazypaving
Movies
60s
5x2 Blitz: Bands
by SL_Kpop136
Music
30s
Colored Red Africa Blitz
by spor1
Geography
30s
More to Explore
Quiz From the Vault
Featured Blog Post
14 Easter Pick-up Lines to Find Eggs With
hide this ad
You Might Also Like...
Tags
Geneology
Jesus
Matthew
Written
Today's Top Quizzes in Religion
Browse Religion
hide this ad
Today's Top Quizzes in Jesus
Browse Jesus
Top Contributed Quizzes in Religion
1
Christmas Pick: Judaism
2
Christmas Pick: Islam
3
Christmas Pick: World Religions
4
Christmas Pick: Religious Music
5
Christmas Pick: Scripture
6
Surahs of the Quran with meaning Part 1
7
Longevity in the Bible
8
After Easter on Stained-glass Windows
9
Artistic Maundy Thursday
10
Christmas Pick: Verse
Explore More
Trending Topics
Crossword
Kpop
Marvel
Anime
Harry Potter
NBA
Disney
Puzzle
Pokémon
Country
WWE
NFL
Soccer
The Office
Song
hide this ad
More By:
senormucholoco
Quiz
Plays
Rating
Category
Featured
Created
Big 4 Most Championship Appearances
392,312
4.58
Sports
Nov 8, 2009
Big 4 Teams Central Time Zone
198,689
4.26
Sports
Apr 19, 2010
Big 4 Teams Eastern Time Zone
122,544
4.60
Sports
Apr 19, 2010
Big 4 Teams Pacific Time Zone
120,731
4.44
Sports
Apr 19, 2010
Big 4 Teams Mountain Time Zone
114,169
4.37
Sports
Apr 19, 2010
Go to Creator's Profile
Score Distribution
Quiz Creator Spotlight
senormucholoco
Follow
Send a Message
Quizzes Created
-
Created Quiz Play Count
-
More By This Creator
Popular Quizzes Today
1
Colored Red Africa Blitz
2
Find the 'City' Movie
3
5x2 Blitz: Bands
4
Find the US States - No Outlines Minefield
5
The Countries of the World
6
Find the US States
7
US States
8
9x9 Crossword: Cartoon Network
More Religion Quizzes
Bible Books by Any 3 Letters
Published
Trending Quizzes
Colored Red Europe Blitz I
Colored Red Africa Blitz II
Colored Red Africa Blitz III
Colored Red Europe Blitz III
Colored Red Europe Blitz II
Recently Updated
Champions League XIs: Real Madrid
pecheneg
Largest US Cities 1790-2010
pecheneg
Rides in Walt Disney World
pecheneg
Most Oscar Losses (Acting)
pecheneg
Beyoncé Albums
pecheneg
Leaping Animals
pecheneg
Reality TV Shows (A-Z)
bhenderson79
Rickey Henderson's Hall of Fame Teammates
pecheneg
Champions League XIs: Arsenal
pecheneg
Quick Pick: Celebrities in WWE's Hall of Fame
aduchscher
Trending Topics
Disney
Crossword
NBA
Harry Potter
Marvel
Anime
Kpop
WWE
Pokémon
Song
NFL
Soccer
The Office
Country
Puzzle
Your Account Isn't Verified!
In order to create a playlist on Sporcle, you need to verify the email address you used during registration. Go to your
Sporcle Settings
to finish the process.
Report this User
Report this user for behavior that violates our
Community Guidelines
.
Details:
Send Report
Go to the Sporcle.com Mobile Site →
Comments